Central Library OPAC University of Rajshahi

Set topology / (Record no. 45364)

MARC details
000 -LEADER
fixed length control field 00604nam a2200229 a 4500
001 - CONTROL NUMBER
control field 45364
003 - CONTROL NUMBER IDENTIFIER
rucl marc code BD-RjUL
005 - DATE AND TIME OF LATEST TRANSACTION
control field 20211209054012.0
008 - FIXED-LENGTH DATA ELEMENTS--GENERAL INFORMATION
fixed length control field 160725s1960 nyu 000 0 eng
035 ## - SYSTEM CONTROL NUMBER
System control number (BD-RjUL)45482
040 ## - CATALOGING SOURCE
Original cataloging agency DLC
Transcribing agency OSW
Modifying agency OCoLC
-- BD-RjUL
Language of cataloging eng
041 ## - LANGUAGE CODE
Language code of text/sound track or separate title eng
082 ## - DEWEY DECIMAL CLASSIFICATION NUMBER
Classification number 514
Edition number 23
Author mark and year VAS 1960
100 1# - MAIN ENTRY--PERSONAL NAME
Personal name Vaidyanathaswamy, R.
9 (RLIN) 138901
245 10 - TITLE STATEMENT
Title Set topology /
Statement of responsibility, etc. R. Vaidyanathaswamy
250 ## - EDITION STATEMENT
Edition statement 2d ed.
260 ## - PUBLICATION, DISTRIBUTION, ETC. (IMPRINT)
Place of publication, distribution, etc. New York,
Name of publisher, distributor, etc. Chelsea Pub. Co.
Date of publication, distribution, etc. c1960
300 ## - PHYSICAL DESCRIPTION
Pagination 304 p. ;
Size 24 cm.
650 #0 - SUBJECT ADDED ENTRY--TOPICAL TERM
Topical term or geographic name as entry element Topology.
9 (RLIN) 138902
Topical term or geographic name as entry element Set theory.
9 (RLIN) 132207
942 ## - ADDED ENTRY ELEMENTS (KOHA)
Source of classification or shelving scheme Dewey Decimal Classification
Koha item type Books
Holdings
Lost status Source of classification or shelving scheme Damaged status Not for loan Collection code Permanent Location Current Location Shelving location Date acquired Source of acquisition Cost, normal purchase price Total Checkouts Full call number Date last seen Copy number Koha item type
  Dewey Decimal Classification     Non-fiction Central Library, University of Rajshahi Central Library, University of Rajshahi   05/04/1964 Zeetlinger 48.00   514 VAS 1960 25/07/2016 C-2 Books